000 01080njm a2200289Ia 4500
001 20566
003 IT-RoPAU
005 20220918181144.0
008 131025s9999 xx 000 0 und d
040 _aIT-RoPAU
040 _cIT-RoPAU
041 _aINGLESE
999 _c101519
_d101519
999 _bn.d.
100 _aDylan Bob
_91185
100 _eAutore musica
_92124
100 _gCodice autore musica SPICS: 7026
_91187
245 _aAnother Side of Bob Dylan (Lp Cbs 62429)
250 _a1a ed.
260 _aMILANO
260 _bCBS - SUGAR
_c1975 [1a Ed.:1967 - Ed. Lingua Orig.: 1964]
300 _aDISCO
500 _aCantautori americani. Musica pop
505 _aAll I Really Want To Do - Black Crow Blues - Spanish Harlem Incident - Chimes of Freedom - I Shall Be Free N. 10 - To Ramona - Motorpsycho Nitemare - My Back Pages - I Don't Believe You - Ballad in Plain D - It Ain't Me Babe
650 _aCANTAUTORI AMER [DISCHI]
_eCodice MATERIA SPICS: 9950
_92125
700 _aDylan Bob
_eAutore testo e musica
_gCodice autore testo/musica SPICS: 7026
_92126
942 _cMD
_2ddc